<?xml version="1.0" encoding="UTF-8"?>
<record
    xmlns:xsi="http://www.w3.org/2001/XMLSchema-instance"
    xsi:schemaLocation="http://www.loc.gov/MARC21/slim http://www.loc.gov/standards/marcxml/schema/MARC21slim.xsd"
    xmlns="http://www.loc.gov/MARC21/slim">

  <leader>01117nam1a2200277 i 4500</leader>
  <controlfield tag="001">RU\NLR\BIBL_A\022152005</controlfield>
  <controlfield tag="005">20240922082758.0</controlfield>
  <datafield tag="035" ind1=" " ind2=" ">
    <subfield code="a">(NLR Aleph) 022152005</subfield>
  </datafield>
  <datafield tag="090" ind1=" " ind2=" ">
    <subfield code="a">12895490</subfield>
    <subfield code="c">12895490</subfield>
  </datafield>
  <datafield tag="100" ind1=" " ind2=" ">
    <subfield code="a">20240228g19249999u  y0rusy50      ca</subfield>
  </datafield>
  <datafield tag="101" ind1="0" ind2=" ">
    <subfield code="a">ukr</subfield>
  </datafield>
  <datafield tag="102" ind1=" " ind2=" ">
    <subfield code="a">RU</subfield>
  </datafield>
  <datafield tag="105" ind1=" " ind2=" ">
    <subfield code="a">    ag       </subfield>
  </datafield>
  <datafield tag="181" ind1=" " ind2="0">
    <subfield code="a">i </subfield>
    <subfield code="b">axxe  </subfield>
  </datafield>
  <datafield tag="182" ind1=" " ind2="0">
    <subfield code="a">n</subfield>
  </datafield>
  <datafield tag="200" ind1="1" ind2=" ">
    <subfield code="a">&#x41C;&#x430;&#x442;&#x435;&#x440;i&#x44F;&#x43B;&#x438; &#x434;&#x43E; &#x423;&#x43A;&#x440;&#x430;&#x457;&#x43D;&#x441;&#x44C;&#x43A;&#x43E;&#x457; &#x431;i&#x431;&#x43B;&#x438;&#x43E;&#x453;&#x440;&#x430;&#x444;i&#x457;</subfield>
    <subfield code="f">&#x432;&#x438;&#x434;&#x430;&#x454; &#x411;i&#x431;&#x43B;&#x438;&#x43E;&#x453;&#x440;&#x430;&#x444;i&#x447;&#x43D;&#x430; &#x43A;&#x43E;&#x43C;i&#x441;i&#x44F; &#x43D;&#x430;&#x443;&#x43A;&#x43E;&#x432;&#x430; &#x442;&#x43E;&#x432;&#x430;&#x440;&#x438;&#x441;&#x442;&#x432;&#x430; i&#x43C;&#x435;&#x43D;&#x438; &#x428;&#x435;&#x432;&#x447;&#x435;&#x43D;&#x43A;&#x430;</subfield>
  </datafield>
  <datafield tag="203" ind1=" " ind2=" ">
    <subfield code="a">&#x422;&#x435;&#x43A;&#x441;&#x442;</subfield>
    <subfield code="b">&#x432;&#x438;&#x437;&#x443;&#x430;&#x43B;&#x44C;&#x43D;&#x44B;&#x439;</subfield>
    <subfield code="c">&#x43D;&#x435;&#x43F;&#x43E;&#x441;&#x440;&#x435;&#x434;&#x441;&#x442;&#x432;&#x435;&#x43D;&#x43D;&#x44B;&#x439;</subfield>
  </datafield>
  <datafield tag="210" ind1=" " ind2=" ">
    <subfield code="a">&#x423; &#x41B;&#x44C;&#x432;&#x43E;&#x432;i</subfield>
    <subfield code="c">&#x417; &#x434;&#x440;&#x443;&#x43A;&#x430;&#x440;&#x43D;i &#x422;&#x43E;&#x432;&#x430;&#x440;&#x438;&#x441;&#x442;&#x432;&#x430; i&#x43C;&#x435;&#x43D;&#x438; &#x428;&#x435;&#x432;&#x447;&#x435;&#x43D;&#x43A;&#x430;</subfield>
    <subfield code="d">1924-</subfield>
  </datafield>
  <datafield tag="215" ind1=" " ind2=" ">
    <subfield code="d">23</subfield>
  </datafield>
  <datafield tag="300" ind1=" " ind2=" ">
    <subfield code="a">&#x41F;&#x443;&#x431;&#x43B;i&#x43A;&#x430;&#x446;i&#x457; &#x432; &#x443;&#x43A;&#x440;. &#x43C;&#x43E;&#x432;i</subfield>
  </datafield>
  <datafield tag="712" ind1="0" ind2="2">
    <subfield code="4">570</subfield>
    <subfield code="7">ca</subfield>
    <subfield code="8">ukr</subfield>
    <subfield code="a">&#x41D;&#x430;&#x443;&#x43A;&#x43E;&#x432;&#x435; &#x442;&#x43E;&#x432;&#x430;&#x440;&#x438;&#x441;&#x442;&#x432;&#x43E; i&#x43C;. &#x428;&#x435;&#x432;&#x447;&#x435;&#x43D;&#x43A;&#x430;</subfield>
    <subfield code="b">&#x411;i&#x431;&#x43B;&#x438;&#x43E;&#x453;&#x440;&#x430;&#x444;i&#x447;&#x43D;&#x430; &#x43A;&#x43E;&#x43C;i&#x441;i&#x44F;</subfield>
    <subfield code="c">&#x41B;&#x44C;&#x432;i&#x432;</subfield>
    <subfield code="9">877324</subfield>
    <subfield code="3">RU\NLR\AUTH\880605473</subfield>
  </datafield>
  <datafield tag="852" ind1=" " ind2=" ">
    <subfield code="a">NLR</subfield>
    <subfield code="j">&#x441;407&#x423;&#x43A;&#x440;-420/&#x41A;-17</subfield>
  </datafield>
  <datafield tag="942" ind1=" " ind2=" ">
    <subfield code="c">BOOK</subfield>
  </datafield>
</record>
